| 000 | 00344nam a2200133Ia 4500 | ||
|---|---|---|---|
| 008 | 150201s2000 xx 000 0 und d | ||
| 082 |
_a610 _bN2000G |
||
| 100 | _aGRANT , ANN B. | ||
| 245 | _aNCLEX -RN : QUESTION - ANSWERS MEDE INCRDIBLI EASY | ||
| 260 |
_bSPRUNGHOUSE _aDELHI _c2000 |
||
| 300 | _a790 | ||
| 650 | _aNURSING | ||
| 942 |
_2ddc _cBK _01 |
||
| 999 |
_c1993 _d1993 |
||